Statistics for All Ireland Rugby - Participating Clubs

Click here to take the quiz!

General Stats

  • This quiz has been taken 20 times
  • The average score is 9 of 20

Answer Stats

HintAnswer% Correct
1AUCD
79%
1BShannon
63%
1BUL Bohemians
63%
1ACork Constitution
58%
1AYoung Munster
58%
1AClontarf
53%
1AGarryowen
53%
1BDolphin
47%
1ASt Mary's College
47%
1ALansdowne
42%
1BUCC
42%
1ADublin University
37%
1BNaas
37%
1BBallynahinch
32%
1BBanbridge
32%
1ABuccaneers
32%
1BOld Belvedere
32%
1ATerenure College
32%
1BBallymena
26%
1BOld Wesley
26%

Score Distribution

Percentile by Number Answered

Percent of People with Each Score

Your Score History

You have not taken this quiz